मीडिया मिथ और समाज / (Record no. 12446)

MARC details
000 -LEADER
fixed length control field 02192 a2200265 4500
008 - FIXED-LENGTH DATA ELEMENTS--GENERAL INFORMATION
fixed length control field 090527t xxu||||| |||| 00| 0 hin d
010 ## - LCCN (DPL NO)
LC control number B-291646-650
020 ## - INTERNATIONAL STANDARD BOOK NUMBER
Terms of availability 200.00
035 ## - SYSTEM CONTROL NUMBER
System control number B-291646-650
037 ## - SOURCE OF ACQUISITION
Source of stock number/acquisition शिल्पायन
040 ## - CATALOGING SOURCE
Original cataloging agency dpl
Language of cataloging HIN
082 ## - DEWEY DECIMAL CLASSIFICATION NUMBER
Classification number 302.23
100 ## - MAIN ENTRY--PERSONAL NAME
Personal name जोशी, रामशरण
245 ## - TITLE STATEMENT
Title मीडिया मिथ और समाज /
Statement of responsibility, etc रामशरण जोशी
260 ## - PUBLICATION, DISTRIBUTION, ETC. (IMPRINT)
Place of publication, distribution, etc दिल्ली
Name of publisher, distributor, etc शिल्पायन
Date of publication, distribution, etc 2007
270 ## - ADDRESS
Address 10295, गली नं.1, वैस्ट गोरखपार्क, शाहदरा
City दिल्ली
Postal code 110032
State or province दिल्ली
300 ## - PHYSICAL DESCRIPTION
Extent 184पृ
Dimensions 22सेमी (सजिल्द)
942 ## - ADDED ENTRY ELEMENTS (KOHA)
Institution code [OBSOLETE] dpl
Item type Hindi Books
Call number prefix /जोशीरा
Source of classification or shelving scheme Dewey Decimal Classification
Classification part 302.23
Call number suffix जोशीरा
Holdings
Withdrawn status Lost status Source of classification or shelving scheme Damaged status Not for loan Collection code Home library Current library Date acquired Source of acquisition Cost, normal purchase price Total Checkouts Full call number Barcode Date last seen Copy number Cost, replacement price Koha item type
    Dewey Decimal Classification     Non-fiction Central Library Central Library 27/05/2009 शिल्पायन/1420/15.9.08/472/4.9.08/19.9.08 200.00 1 302.23 जोशीरा B-291646 23/11/2017 1 200.00 Hindi Books
    Dewey Decimal Classification     Non-fiction Karol Bagh Karol Bagh 27/05/2009 शिल्पायन/1420/15.9.08/472/4.9.08/19.9.08 200.00   302.23 जोशीरा B-291649 27/05/2009 1 200.00 Hindi Books
    Dewey Decimal Classification     Non-fiction Patel Nagar Patel Nagar 27/05/2009 शिल्पायन/1420/15.9.08/472/4.9.08/19.9.08 200.00   302.23 जोशीरा B-291647 27/05/2009 1 200.00 Hindi Books
    Dewey Decimal Classification     Non-fiction Sarojini Nagar Sarojini Nagar 27/05/2009 शिल्पायन/1420/15.9.08/472/4.9.08/19.9.08 200.00   302.23 जोशीरा B-291648 27/05/2009 1 200.00 Hindi Books
    Dewey Decimal Classification     Non-fiction Shahdara Branch Shahdara Branch 27/05/2009 शिल्पायन/1420/15.9.08/472/4.9.08/19.9.08 200.00   302.23 जोशीरा B-291650 27/05/2009 1 200.00 Hindi Books

© Delhi Public Library
Hit Counter
free hit counter